00573nam a2200205Ia 450000500170000000800410001702000240005804000190008204100120010108200130011310000210012624500450014726000410019230000160023344000430024963000360029265000190032865100100034785000100035720231130115715.0131103s9999 xx 000 0 und d a710080417cGBP 6.95 aLoreto College aEnglish a396bWAL aWalton,Ronald G. aWomen In Social Work, cRonald G.Walton aLondonbRoutledge & Kegan Paulc1975 axvi,308 p.  aInternational library of social policy aSocial role and status of women aSocial Classes aWomen aLCLIB